00482nam a2200145 a 450000100100000000500170001000800410002704000250006808200150009310000230010824500550013126000600018630000200024650000700026600003010320200930060039.0110429s2000 dr 000 0 spa d aDO-SdBNPbspacBNPHU axxxbM375c1 aMarte, Pedro Pablo10aMaestros cuentos d' maestros /cPedro Pablo Marte. aSantiago, República DominicanafImpresos F y Mc2000. a65 p. ;c22 cm. aIncluye datos biográficos del autor en la solapa de la cubierta